[Event "SVK-ch U10"]
[Site "Tatralandia"]
[Date "2025.05.13"]
[Round "4"]
[White "Raschetin, Nikita"]
[Black "Hornacek, Tomas"]
[Result "0-1"]
[WhiteElo "1568"]
[BlackElo "1573"]
[PlyCount "74"]
[EventDate "2025.05.11"]
[EventType "swiss"]
[EventRounds "9"]
[EventCountry "SVK"]
[SourceTitle "CB21_2025"]
[SourceDate "2025.05.21"]
[SourceVersion "1"]
[SourceVersionDate "2025.05.21"]
[SourceQuality "1"]

1. e4 d6 2. d4 Nf6 3. Nc3 g6 4. Bc4 Bg7 5. h3 0-0 6. Be3 Nxe4 7. Bxf7+ Rxf7 8. Nxe4 Nd7 9. Ng5 Rf6 10. Qd3 d5 11. Qb3 Nb6 12. Ne4 Rc6 13. Nc5 Qf8 14. Nf3 Nc4 15. Rb1 Rb6 16. Qc3 e6 17. 0-0 Rc6 18. Qd3 Nxb2 19. Rxb2 Rxc5 20. Rbb1 Ra5 21. Bd2 Rxa2 22. Bb4 Qe8 23. Ba3 Qa4 24. Rb3 Qc4 25. Rc1 Qxd3 26. Rxd3 b6 27. Nd2 Ba6 28. Rf3 Bxd4 29. Be7 Bc5 30. Bg5 Rf8 31. Rxf8+ Kxf8 32. Nf3 Be2 33. Ne5 Bd4 34. Nc6 Bc5 35. Bh6+ Ke8 36. Bd2 Bb5 37. Ne5 Ba3 0-1